000 00569nam a2200217Ia 4500
005 20241129115846.0
008 241129s9999||||xx |||||||||||||| ||und||
020 _a9781639893232
037 _aTB
040 _aSDCL
_beng
_cSDCL
041 _aeng
_2eng
084 _aX:87, R2
_qSDCL
100 _aWalker George
_9725022
245 0 _aLeadership : Strategy and tactics
260 _aNew York
_bStates Academic Press
_c2022
300 _avi,242p.
365 _aUSD
_b156
650 _aPsychology
942 _cTB
_hX:87, R2
999 _c1232318
_d1232318